Actividades Académicas 1972, Semestre 1

Uloženo v:
Podrobná bibliografie
Korporativní autor: Universidad Católica de Valparaíso (Autor)
Médium: Kniha
Jazyk:španělština
Vydáno: Valparaíso Imprenta Victoria, Chacabuco 1781 1972
Vydání:1a. ed
Témata:
Tagy: Přidat tag
Žádné tagy, Buďte první, kdo vytvoří štítek k tomuto záznamu!

MARC

LEADER 00000nam a2200000 a 4500
001 UCJ8799
003 CL-VaPUC
008 070124e19720000CL |||||||||||||||||spa|d
082 0 4 |a 378  |b UNI  |2 21 
110 2 |a Universidad Católica de Valparaíso  |e author  |9 518061 
245 1 0 |a Actividades Académicas 1972, Semestre 1 
250 |a 1a. ed 
300 |a 89 p 
942 |c BK 
945 |d 20070124 00:00:00  |a fvergara 
260 |a Valparaíso  |b Imprenta Victoria, Chacabuco 1781  |c 1972 
500 |a Donación del profesor Raúl Allard N 
650 0 |a Universidades  |9 256317 
650 0 |a Archivo histórico PUCV  |9 255554 
650 0 |a Educación superior   |9 223851 
650 0 |a Carreras universitarias  |9 846805 
650 7 |a PROGRAMAS DE ESTUDIO  |2 CL-VaPUC  |9 518063 
650 0 |a Académicos   |x Pontificia Universidad Católica de Valparaíso (PUCV)  |9 255553 
583 |a last modification  |c 20130912 04:48:47  |k Rodrigo Vera 
999 |c 324451  |d 324449 
952 |0 0  |1 0  |4 0  |6 378_000000000000000_UNI_1972  |7 0  |8 X  |9 404646  |a FDOBUD  |b FDOBUD  |d 2019-11-22  |i 1084143  |o 378 UNI 1972  |p 1084143  |r 2019-11-22  |w 2019-11-22  |y BK_X  |k FHP